Missing Word: 1974 Movies A-Z Quiz Stats

 Plays Quiz Updated Feb 22, 2018

Challenge
Share
Tweet
Embed
Score 0/25 Timer 05:00
0 Plays Today
Movie Missing Word % Correct
Murder on the ______ ExpressOrient
97.5%
The ___ with the Golden GunMan
97%
_______ SaddlesBlazing
96.9%
The _____ Chainsaw MassacreTexas
96.7%
Arabian ______Nights
96.1%
_____ FrankensteinYoung
95.3%
The Mark of _____Zorro
93.5%
The Towering _______Inferno
93.1%
Thieves Like __Us
90.7%
_____ WishDeath
90.4%
Where the ___ Fern GrowsRed
87.8%
The _______ YardLongest
86.8%
The _________: Part IIGodfather
85.9%
Movie Missing Word % Correct
_____ Doesn't Live Here AnymoreAlice
81.6%
The Sugarland _______Express
78.5%
_______ Back to OzJourney
73.7%
A _____ Under the InfluenceWoman
71.1%
All the ____ StrangersKind
68.9%
______ Rides AgainHerbie
56.5%
Dirty Mary _____ LarryCrazy
48.3%
The Front ____Page
47.8%
The Parallax ____View
45.7%
The Devil _____Queen
42.5%
____ BrownFoxy
40.5%
Dark ____Star
15.9%

Today's Daily Dose

Missing Word
Entertainment 'L'

Word Ladder
Fingers

Quick Pick
When in Rome

On This Day
December 15th II

You're not logged in!

Compare scores with friends on all Sporcle quizzes.
OR
Log In

You Might Also Like...

Show Comments

Extras

Top Quizzes Today


Score Distribution

Your Account Isn't Verified!

In order to create a playlist on Sporcle, you need to verify the email address you used during registration. Go to your Sporcle Settings to finish the process.

Report this User

Report this user for behavior that violates our Community Guidelines.

Details: